| 000 | 00422nam a2200169Ia 4500 | ||
|---|---|---|---|
| 005 | 20240625073210.0 | ||
| 008 | 240331s9999 xx 000 0 und d | ||
| 020 | _a394604652 | ||
| 082 |
_a100 _bPHI |
||
| 245 | 4 | _aThe Philosophy of Kant | |
| 260 |
_aNew York _bThe modern library _c1949 |
||
| 300 | _al, 476 p ., | ||
| 650 | _aMetaphysics of morality | ||
| 650 | _apolitics | ||
| 700 |
_aFriedrich, C.J, _eedt |
||
| 942 | _cL | ||
| 999 |
_c686 _d686 |
||